Powiaty województwa wielkopolskiego z mapą - Statystyki

Ogólne statystyki
  • Ten quiz został rozwiązany 33 220 razy
  • Średni wynik to 20 z 35
Odpowiedzi na mapie
Odpowiedzi zakodowano w zielono-czerwonej skali na mapie do tego quizu, zgodnie z poniższymi procentami.
 
Statystyki odpowiedzi
Powiat % Poprawnych
jarociński
93%
miasto {Konin}
92%
kaliski
82%
wolsztyński
79%
turecki
77%
kolski
76%
międzychodzki
76%
gostyński
74%
kościański
65%
miasto {Leszno}
65%
nowotomyski
64%
miasto {Kalisz}
58%
wrzesiński
58%
śremski
55%
miasto {Poznań}
53%
rawicki
53%
chodzieski
51%
ostrowski
51%
poznański
51%
złotowski
51%
koniński
50%
obornicki
50%
ostrzeszowski
50%
pilski
49%
kępiński
48%
gnieźnieński
47%
szamotulski
47%
średzki
46%
leszczyński
45%
pleszewski
45%
czarnkowsko-trzcianecki
44%
słupecki
44%
wągrowiecki
43%
grodziski
42%
krotoszyński
40%
Nie znaleziono quizów pasujących do podanych kryteriów
Rozkład punktacji
Procent ludzi z każdym wynikiem
Percentyl według liczby udzielonych odpowiedzi
Twoja historia wyników
Nie rozwiązałeś tego quizu